Statistiques concernant Les villes françaises possédant une université

Cliquez ici pour prendre le quiz!

Statistiques générales

  • Ce quiz a été pris 929 fois
    (869 depuis la dernière actualisation)
  • Le résultat moyen est 28 sur 38

Statistiques - réponses

Date de créationVille% Correct
1150Paris / Orsay / Nanterre
100%
1409Aix-en-Provence / Marseille
98%
1559Lille
95%
1830Lyon
95%
1538Strasbourg
94%
1441Bordeaux
93%
1289Montpellier / Nîmes
93%
1965Nice
93%
1460Nantes
92%
1229Toulouse
92%
1970Rennes
91%
1971Brest
88%
1971Reims / Troyes
81%
1722Dijon
80%
1432Caen
78%
1339Grenoble
78%
1572Nancy
78%
1966Rouen
78%
1976Clermont-Ferrand
77%
1769Metz
75%
1306Orléans
75%
1969Tours
74%
1969Saint-Etienne
72%
1971Angers
71%
1979Toulon
71%
1984Le Havre
70%
1969Amiens
68%
1349Perpignan
67%
1968Limoges
64%
1975Mulhouse / Colmar
63%
1431Poitiers
62%
1972Pau
59%
1979Chambéry / Annecy
58%
1423Besançon
54%
1995Vannes / Lorient
51%
1303Avignon
49%
1991Versailles
45%
1765Corte
13%

Distribution des résultats

Percentile par nombre de réponses

% des personnes avec chaque résultat

Votre développement - résultats

Vous n’avez pas pris ce quiz depuis la dernière actualisation